| 000 | 00500nam a22001937a 4500 | ||
|---|---|---|---|
| 003 | MPLRDC | ||
| 005 | 20220104155855.0 | ||
| 008 | 210129b ||||| |||| 00| 0 eng d | ||
| 020 | _a957-8303-03-3 | ||
| 082 | _a298.42 XLXH | ||
| 100 | _a小林祥晃 | ||
| 245 |
_a非常结婚开运法 _c |
||
| 250 | _a初版 | ||
| 260 |
_a台湾 _b佳言文化事业有限公司 _c1998 |
||
| 300 | _b平 | ||
| 490 | _a生活文学系列. 005 | ||
| 650 | _a迷信; 禁忌--结婚 | ||
| 942 |
_cBK _o298.42 XLXH |
||
| 999 |
_c54707 _d54697 |
||